Čítať ešte vieme, otázkou je, či rozumieme

Bibliographic Details
Main Authors: Gális, Tomáš, 1976- (Author), Gregor, Ján (Author)
Format: Article
Language:Slovak
ISSN:1335-4701
Subjects:

MARC

LEADER 00000nab a2200000 a 4500
001 vtls000869084
003 SK-MaSNL
005 20260302160548.0
008 140301c2004 xo 0 slo
015 |a SNBRB2004/04-11512 
035 |a CLN000220636 
040 |a SNKBUCL  |b slo  |c SNKBUCL  |e AACR2 
041 0 |a slo 
044 |a xo  |c SK 
080 |a 028(437.6)  |2 1997 
100 1 |a Gális, Tomáš,  |d 1976-  |4 aut  |9 205984 
245 1 0 |a Čítať ešte vieme, otázkou je, či rozumieme  |c Tomáš Gális, Ján Gregor 
650 0 7 |a čítanie  |x výskumy  |z Slovensko  |2 snkbucl  |9 856928 
655 7 |a články z novín a časopisov  |2 snkbucl  |9 267496 
700 1 |a Gregor, Ján  |4 aut  |9 283239 
773 0 |t Hospodárske noviny  |g Roč. 12, č. 15 (23.-25.1.2004)  |x 1335-4701 
773 0 |t [Príl.] Civilizácia  |g S. [21]-22  |x 1335-4701 
850 |a Slovenská národná knižnica v Martine 
852 |a SNK  |b KIS3GCP 
958 |a SK 
992 |a RBX 
999 |c 1374880  |d 1376810